World Leaders: Dead, Alive, or Fictional? Quiz Stats

 Plays Quiz Updated Oct 15, 2018

Score 0/25 Timer 03:00
5 Plays Today
Question Answer Wrong Answers
Barack Obama Alive
99.1%
Dead
0.3%
Fictional
0.1%
Coriolanus Snow Fictional
96.1%
Dead
1.9%
Alive
0.8%
Vladimir Putin Alive
93.6%
Dead
1.7%
Fictional
0.4%
Nelson Mandela Dead
93.4%
Alive
5.6%
Fictional
0.2%
Zaphod Beeblebrox Fictional
91.1%
Dead
3.2%
Alive
0.9%
President Skroob Fictional
90.5%
Dead
1.9%
Alive
2.1%
Leia Organa Solo Fictional
90.3%
Dead
2.7%
Alive
3.3%
Justin Trudeau Alive
89.9%
Dead
2.3%
Fictional
2.8%
Rufus T. Firefly Fictional
89.1%
Dead
5.6%
Alive
2.2%
Frank Underwood Fictional
86.7%
Dead
4.6%
Alive
6.7%
Margaret Thatcher Dead
85.6%
Alive
13.1%
Fictional
1.2%
Jimmy Carter Alive
82.5%
Dead
12.6%
Fictional
0.5%
Josiah Bartlet Fictional
79.8%
Dead
11.3%
Alive
5.9%
Nicolas Sarkozy Alive
79.8%
Dead
14.1%
Fictional
3.9%
Juan Perón Dead
79%
Alive
13.3%
Fictional
3.7%
Helmut Kohl Dead
71.2%
Alive
14.3%
Fictional
12.8%
Boris Yeltsin Dead
71.1%
Alive
23.5%
Fictional
2.1%
Benazir Bhutto Dead
67.9%
Alive
20.9%
Fictional
6.8%
Recep Tayyip Erdoğan Alive
66.8%
Dead
9.4%
Fictional
20%
Shinzō Abe Alive
66.1%
Dead
23.1%
Fictional
8.3%
Enrique Peña Nieto Alive
49.3%
Dead
35.5%
Fictional
10.3%
Nguyễn Văn Thiệu Dead
47.9%
Alive
33.2%
Fictional
13.5%
Pierre Trudeau Dead
44.3%
Alive
47.3%
Fictional
3.4%
Mikhail Gorbachev Alive
37.2%
Dead
58.9%
Fictional
0.9%
Yuri Suvarov Fictional
32%
Dead
28.4%
Alive
35.1%

You're not logged in!

Compare scores with friends on all Sporcle quizzes.
OR
Log In

Sporcle TV

Today on Sporcle TV


Watch our educational content, quiz creation guides, and fun videos on Sporcle TV.

Show Comments

Extras

Top Quizzes Today


Score Distribution

Your Account Isn't Verified!

In order to create a playlist on Sporcle, you need to verify the email address you used during registration. Go to your Sporcle Settings to finish the process.

Report this User

Report this user for behavior that violates our Community Guidelines.

Details: